000 00872nam a2200265Ia 4500
003 OSt
005 20221005111109.0
006 a|||||r|||| 00| 0
007 ta
008 221004b |||||||| |||| 00| 0 hin d
020 _c395
024 _a19714
037 _b517, 21/03/2015, Vani Prakashan
_cTextual
040 _aCRL
_cCRL
_bhin
041 _2hin
_ahin
082 _aO152:gN, P3
100 _aजोशी, मनोहर श्याम
245 0 _a21 वीं सदी
246 _a21 vīan sadī
260 _aनई दिल्ली
_bवाणी प्रकाशन भारत
_c2003
300 _a338पृ0
_ccm.
650 _aहिन्दी साहित्य
942 _hO152:gN, P3
_cTEXL
_2cc
999 _c1020806
_d1020806